Pagbuo, Balidasyon at Pagtanggap sa Kompyuter Aided na Kagamitang Pangtuturo sa Wika/ (Record no. 78035)

MARC details
000 -LEADER
fixed length control field 01212nam a22002537i 4500
003 - CONTROL NUMBER IDENTIFIER
control field URS
005 - DATE AND TIME OF LATEST TRANSACTION
control field 20240416181812.0
008 - FIXED-LENGTH DATA ELEMENTS--GENERAL INFORMATION
fixed length control field 200117b ||||| |||| 00| 0 eng d
050 00 - LIBRARY OF CONGRESS CALL NUMBER
Classification number LC 4023
Item number L11 2015
100 1# - MAIN ENTRY--PERSONAL NAME
Personal name Lagrimas, Albert Aurora
245 10 - TITLE STATEMENT
Title Pagbuo, Balidasyon at Pagtanggap sa Kompyuter Aided na Kagamitang Pangtuturo sa Wika/
Statement of responsibility, etc. Lagrimas, Albert Aurora
260 #1 - PUBLICATION, DISTRIBUTION, ETC.
Date of publication, distribution, etc. 2015
300 ## - PHYSICAL DESCRIPTION
Extent xiv, 130 leaves:
Other physical details illustrations,
Dimensions 28.5 cm
336 ## - CONTENT TYPE
Source rdacontext
Content type term text
337 ## - MEDIA TYPE
Source rdamedia
Media type term unmediated
338 ## - CARRIER TYPE
Source rdacarrier
Carrier type term volume
502 ## - DISSERTATION NOTE
Dissertation note Graduate School Thesis
Degree type Dalubhasa sa Sining ng Pagtuturo Medyor sa Filipino (MAT-Filipino)
Name of granting institution University of Rizal System, Rodriguez, Rizal
520 ## - SUMMARY, ETC.
Summary, etc. Ang Layunin ng pag-aaral na ito ay Pagbuo, Balidasyon at Pagtanggap sa Kompyuter Aided na Kagamitang Pangtuturo (KAKP) sa Wika. Isinasagawa ito sa La Salle Green Hills sa antas ng Elementarya s Taong Panruan 2014-2015.
650 ## - SUBJECT ADDED ENTRY--TOPICAL TERM
Source of heading or term Wika at mga Wika--Ng Pagamit sa Kompyuter
650 ## - SUBJECT ADDED ENTRY--TOPICAL TERM
Source of heading or term Teaching--Computer-Aided design.
650 ## - SUBJECT ADDED ENTRY--TOPICAL TERM
Source of heading or term Teaching--Computer-aided design, language
856 ## - ELECTRONIC LOCATION AND ACCESS
Materials specified Online Request for Student Unpublished Works
Uniform Resource Identifier <a href="https://forms.gle/7LqvGGkaDrUQqz429">https://forms.gle/7LqvGGkaDrUQqz429</a>
942 ## - ADDED ENTRY ELEMENTS (KOHA)
Source of classification or shelving scheme Library of Congress Classification
Koha item type Theses and dissertations

No items available.

University of Rizal System
Email us at univlibservices@urs.edu.ph

Visit our Website www.urs.edu.ph/library